Planning for integrated rural development (Record no. 152522)
[ view plain ]
| 000 -LEADER | |
|---|---|
| fixed length control field | 00436nam a2200157Ia 4500 |
| 008 - FIXED-LENGTH DATA ELEMENTS--GENERAL INFORMATION | |
| fixed length control field | 161229s9999 xx 000 0 und d |
| 082 ## - DEWEY DECIMAL CLASSIFICATION NUMBER | |
| Classification number | 307.141 2 TRI/PL |
| 100 ## - MAIN ENTRY--PERSONAL NAME | |
| Personal name | Tripathy, R N |
| 245 ## - TITLE STATEMENT | |
| Title | Planning for integrated rural development |
| 260 ## - PUBLICATION, DISTRIBUTION, ETC. (IMPRINT) | |
| Name of publisher, distributor, etc. | National Institute of Rural Development |
| Place of publication, distribution, etc. | Hyderabad |
| Date of publication, distribution, etc. | 1986 |
| 300 ## - PHYSICAL DESCRIPTION | |
| Extent | 306 |
| 700 ## - ADDED ENTRY--PERSONAL NAME | |
| Personal name | Lakshmalah, T |
| 700 ## - ADDED ENTRY--PERSONAL NAME | |
| Personal name | Maithani, B P |
| 700 ## - ADDED ENTRY--PERSONAL NAME | |
| Personal name | Nagaseshannna, A |
| 942 ## - ADDED ENTRY ELEMENTS (KOHA) | |
| Koha item type | Books (General) |
| Withdrawn status | Lost status | Damaged status | Not for loan | Home library | Current library | Date acquired | Total Checkouts | Full call number | Barcode | Date last seen | Price effective from | Koha item type | Public note |
|---|---|---|---|---|---|---|---|---|---|---|---|---|---|
| KAU Central Library, Thrissur | KAU Central Library, Thrissur | 29/12/2016 | 307.141 2 TRI/PL | 903831 | 29/12/2016 | 29/12/2016 | Books (General) | Book transferred from CCBM Library ,Acc.No:406 |
